000 00316nam a2200145Ia 4500
008 230917s9999||||xx |||||||||||||| ||und||
020 _cRS8
040 _e140566
_aMAIN
041 _aEnglish
082 _a954.01 C392S
100 _aChattopadhaya
245 0 _aSakas in India
300 _a108p p.
942 _cBK
999 _c190318
_d190318